| 000 | 00483nam a2200169Ia 4500 | ||
|---|---|---|---|
| 003 | GCL | ||
| 008 | 140319s9999 xx 000 0 eng d | ||
| 040 |
_aGCL / _cGCL |
||
| 082 | 0 | 4 |
_a629.8 _bL U |
| 100 | 1 | _aLEONARD, NAOMI EHRICH | |
| 245 | 1 | 0 |
_aUSING MATLAB TO ANALYZE AND DESIGN CONTROL SYSTEMS / _cLEONARD, NAOMI EHRICH |
| 260 |
_a[S.N] : _bADDISON - WESLEY PUBLISHING COMPANY |
||
| 650 | 0 | 4 | _aAUTOMATIC CONTROL |
| 650 | 0 | 4 | _aSYSTEM DESIGN |
| 650 | 0 | 4 | _aMATLAB |
| 942 |
_2ddc _cBK |
||
| 999 |
_c11377 _d11377 |
||